000 00250nam a2200097Ia 4500
001 1002931
005 20250826230439.0
008 250824s9999 xx 000 0 und d
245 0 _aZAMANA AÇILAN KAPI
_cBİLGİN ADALI
260 _bHEP KİTAP YAYINLARI
999 _c1002931
_d1002931